Music Quiz

Random Music or Artist Quiz
Score 0/28 Timer 10:00
0 Plays Today
Line from Song Name % Correct
'He freed a lot of people, but it seems the good they die young..'Abraham, Martin, and John
81.6%
'..don't make it bad; take a sad song and make it better...'Hey Jude
80.7%
...'meaner than a junkyard dog..'Bad, Bad Leroy Brown
72.9%
'Where can I find a woman like that?'Jessie's Girl
66.9%
'Who's the leader of the club that's made for you and me?..'Mickey Mouse March
66.5%
'Deep down in Louisiana close to New Orleans...'Johnny B. Goode
66.1%
'...the pipes, the pipes are calling, from glen to glen..'Danny Boy
61.9%
'..freedom's just another word for nothin' left to lose..'Me and Bobby McGee
60.5%
'There was something in the air that night..'Fernando
55.4%
'...I got married to the widow next door, she's been married seven times before..'I'm Henry the VIII, I Am
51.8%
'..And you my friend, will see, you've got a friend in me..'Ben
49.3%
'....spoke in class today; try to forget this...try to erase this..from the blackboard.'Jeremy
46.5%
'Hang down your head....poor boy, you're bound to die..'Tom Dooley
44.3%
'Born on a mountaintop in Tennesee...'The Ballad of Davy Crockett
44.1%
Line from Song Name % Correct
'Starry, starry night, paint your palette blue and grey..'Vincent
43.4%
'...when are you coming back?'Jimmy Mack
43.2%
'..I don't care what they say about us, I don't care about that..'Buddy Holly
40.9%
'Why's everybody always pickin' on me?'Charlie Brown
39.9%
'..Can't say enough about the way I feel about..'My Girl Bill
37.9%
'..Go ahead and hate your neighbor, go ahead and cheat a friend..'One Tin Soldier: The Legend of Billy Jack
35.3%
'..Well, it wasn't two weeks after she got married that Wanda started gettin' abused..'Goodbye Earl
34.4%
'..oh no, me gotta go, Aye-yi-yi-yi, I said..'Louie Louie
29.4%
'Well, way up north where the air gets cold..'Little Saint Nick
28.4%
'I never thought I'd die alone...'Adam's Song
23.8%
'...I hope you think my favorite song, the one we danced to all night long..'Tim McGraw
23.1%
'People all around you gotta (come get it)..'Aaron's Party (Come Get It)
19.4%
'..Never before has a boy wanted more..'Oliver! Oliver!
17.9%
'..she tells him she's in church but she doesn't go...'Scotty Doesn't Know (Don't Tell Scotty)
8.8%
Remove Ads.
Support Sporcle.
Get the best of Sporcle when you Go Orange. This ad-free experience offers more features, more stats, and more fun while also helping to support Sporcle. Thank you for becoming a member.

You're not logged in!

Compare scores with friends on all Sporcle quizzes.
OR
Log In

Show Comments

Extras

Top Quizzes Today


Score Distribution

Your Account Isn't Verified!

In order to create a playlist on Sporcle, you need to verify the email address you used during registration. Go to your Sporcle Settings to finish the process.

Report this User

Report this user for behavior that violates our Community Guidelines.

Details: